000 00813nam a2200301Ia 4500
005 20260121124824.0
008 008 260114s9999 xx 000 0 eng d
020 _a9789814345323
037 _aEBOOK
040 _aCRL
040 _beng
040 _cCRL
041 _2eng
041 _aeng
084 _qCRL
100 _aKulke, Hermann
_9982582
245 0 _aNagapattinam to Suvarnadwipa: Reflections on the Chola Naval Expeditions to Southeast Asia (Tamil edition)
260 _bWalter de Gruyter
260 _bWalter de Gruyter
260 _c2012
650 _aHistory
_9982583
700 _a Kesavapany, K.
_9982584
700 _a Sakhuja, Vijay
_9982585
856 _uhttp://www.degruyter.com/isbn/9789814345323
942 _cEBOOK
999 _c1557393
_d1557393